000 00650cam a2200217 4500
001 sa 68016323
003 DLC
005 20260227112653.0
008 700702s1965 ii 000 0 eng
010 _asa 68016323
025 _aPL480:I-E-10355
040 _aDLC
_cDLC
_dDLC
050 0 0 _aJS7014.A2
_bA54
110 1 _aIndia (Republic).
_bCommittee on the Training of Municipal Employees.
245 0 0 _aReport, April 1963.
260 _a[New Delhi]
_bMinistry of Health, Govt. of India,
_c[1965]
300 _a30 p.
_c24 cm.
350 _a1.00
650 0 _aMunicipal officials and employees
_zIndia.
650 0 _aEmployees
_xTraining of
_zIndia.
999 _c87029
_d87029